| 000 | 00899nam a2200253Ia 4500 | ||
|---|---|---|---|
| 003 | OSt | ||
| 005 | 20241116093230.0 | ||
| 008 | 210716s2005 xx 000 0 und d | ||
| 020 | _a817446431X | ||
| 040 | _cAIMIT LIBRARY | ||
| 041 | _aeng | ||
| 082 |
_a001.0726501 _21 _bPATB |
||
| 245 |
_aFuture organisation : _bstrategising business / _cEdited by Biswajeet Pattanayak, Phalgu Niranjana and Tarun Kumar. |
||
| 250 | _a1st ed. | ||
| 260 |
_aNew Delhi : _bExcel Books , _c2005. |
||
| 300 |
_aviii,293p. ; _bPB _c25 cm |
||
| 650 |
_aPeople structure processes performance _9185593 |
||
| 650 |
_aMarketing information relationships services _9185594 |
||
| 650 |
_aResponsibility organisation to society _9185595 |
||
| 700 |
_aPattanayak, Biswajeet., ed. _9185596 |
||
| 700 |
_aNiranjana, Phalgu., ed. _9185597 |
||
| 700 |
_aKumar, Tarun., ed. _9185598 |
||
| 942 |
_2ddc _cBK _e1st _k001.0726501 PATB |
||
| 999 |
_c199453 _d199453 |
||